Adversários do Botafogo nas outras competições da CONMEBOL - Statistics

Estatísticas Gerais
  • Esse quiz foi jogado 26 vezes
    3 desde o último reset
  • A pontuação média é 13 de 27
Estatísticas das Respostas
Edição Clube % Correto
2025, 2026 Racing-ARG
100%
2007 River Plate
100%
1993, 2008, 2011, 2019 Atlético Mineiro
67%
2009 Atlético Paranaense
67%
2018 Bahia
67%
1993 Bragantino
67%
2008 Estudiantes-ARG
67%
2006 Fluminense
67%
2023 Guarani-PAR
67%
2023 LDU de Quito
67%
2018 Nacional-PAR
67%
2012 Palmeiras
67%
1993 Peñarol
67%
1994, 1996 São Paulo
67%
2008 América-COL
33%
2018 Audax Italiano-CHI
33%
1993, 2026 Caracas
33%
2009 Cerro Porteño
33%
2019, 2023 Defensa y Justicia
33%
2009 Emelec
33%
2023 Patronato-ARG
33%
2019 Sol de América-PAR
33%
2023 Universidad César Vallejo-PER
33%
2026 Independiente Petrolero-BOL
0%
2023 Magallanes-CHI
0%
1994 Minerven-VEN
0%
2011 Santa Fe-COL
0%
Nenhum quiz correspondente encontrado
Distribuição das Pontuações
Porcentagem de Pessoas com Cada Pontuação
Percentil de Números Respondidos
Sua Pontuação Histórica
Você não jogou esse quiz desde o último reset